000 00605nam a2200193Ia 4500
003 GCL
008 140319s9999 xx 000 0 ara d
040 _aGCL /
_cGCL
082 0 4 _a219.3
_bم ت
100 1 _aمحمد عمارة
245 1 0 _aالتيار القومى الاسلامى /
_cمحمد عمارة
300 _a199 ص
490 _aالهيئة العامة للاستعلامات
_v0
650 0 4 _aالاسلام
650 0 4 _aالاسلام والاصلاح السياسى
650 0 4 _aالاسلام والدولة
650 0 4 _aالحركات الاسلامية
942 _2ddc
_cBK
999 _c49711
_d49711